| 000 | 00000nam 2200000za 4500 |
| 001 | 9.678564 |
| 003 | CaOODSP |
| 005 | 20200331164758 |
| 007 | ta |
| 008 | 150407s1993||||xxc||||| f|0| 0 fre d |
| 020 | |a0-662-98341-6 |
| 040 | |aCaOODSP|bfre |
| 043 | |an-cn--- |
| 086 | 1 |aRG64-5/1993F |
| 110 | 1 |aCanada.|bIndustrie Canada. |bDirection des faillites. |
| 245 | 10|aSe sortir de l'endettement : |bguide pour les consommateurs |
| 260 | |aOttawa - Ontario : |bIndustrie Canada. |c1993. |
| 300 | |a20p. ; |c28 cm. |
| 500 | |a«Cette brochure vous aidera à voir si vous avez, oui ou non, un sérieux problème de dettes. Elle vous fera également certaines suggestions pour vous permettre de régler vos problèmes et de les éviter à l'avenir. Les renseignements contenus dans ce document s'adressent uniquement aux particuliers et non pas aux entreprises qui ont des problèmes de nature financière. [...] La présente brochure ne doit pas servir à des fins légales.»--Introduction. |
| 520 | 3 |aCette brochure vous aidera à voir si vous avez, oui ou non, un sérieux problème de dettes. Elle vous fera également certaines suggestions pour vous permettre de régler vos problèmes et de les éviter à l'avenir. Les renseignements contenus dans ce document s'adressent uniquement aux particuliers et non pas aux entreprises qui ont des problèmes de nature financière. [...] La présente brochure ne doit pas servir à des fins légales.--Introduction |
| 563 | |aCouverture souple |
| 590 | |a94-12|b1994-03-25 |
| 691 | 07|aDette|2gcpds |
| 775 | 08|tDealing with debt : |w(CaOODSP)9.644757 |
| 776 | 0#|tSe sortir de l'endettement : |w(CaOODSP)9.873566 |
| 986 | |aIndustrie Canada n° 11153 93-04 |